Фасады и планы сельских лазаретов Гатчинского и Ропшинского округов

Доступно только в Электронных читальных залах Найти на картеНа карте
RUSMARC
00003601nmc2a2200000 x 450
00153fa48cb-d173-40f2-a6fe-1309e58812df
00520151217152424.0
100##$a20150616l18311831k l0rusy0189 ca
1010#$arus
102##$aRU
2001#$aФасады и планы сельских лазаретов Гатчинского и Ропшинского округов
$j1831 г.
251##$cДело
300##$aПодпись: архитектор С. Харламов. Утверждено 28 февраля 1831 года. Акварель
801#0$aRU
$bРГИА
$c20150616
$gRCR
801#1$aRU
$bГлавНИВЦ
$c20150616
$2rusmarc
801#2$aRU
$bПБ им. Б.Н. Ельцина
$c20151217
$gRCR
$2rusmarc
850##$aРГИА
852##$aРГИА
$eФедеральное казенное учреждение "Российский государственный исторический архив" (РГИА)
$j62
937##$hРГИА
$d12099947
$aASBIBLIO_SCAN
462#0$1001b3333ac2-de4a-40fa-bb25-edef65d9be9f
$12001
$aПланы зданий Ведомства учреждений императрицы Марии
$1251
$cОпись
$1852
$j95
461#0$1001fd239d76-f3be-4e65-bf12-40524fd81eef
$12001
$aСобственная его императорского величества канцелярия по учреждениям императрицы Марии
$1251
$cФонд
$1852
$j759
215##$a2 л.
$cплан.
$d75х60,5 см
371##$aДокумент не является опубликованным и широко распространяемым
105##$ae###
1220#$ad
035##$a53fa48cb-d173-40f2-a6fe-1309e58812df
Формат отображения